Echelle de mots : de Jet à Punk - Statistiques

Statistiques générales
  • Ce quiz a été pris 139 618 fois
  • Le résultat moyen est 20 sur 35
Statistiques - réponses
Indice Réponse % Correct
Avion à réaction Jet
91%
"Jeu, ___, et match" Set
89%
Le roi de la jungle Lion
83%
Pas le tien Mien
81%
Pièce aux échecs Pion
78%
Parfois Mao, en V ou roulé Col
76%
Chlorure de sodium Sel
76%
Cinquième dans la gamme Sol
76%
Délice d'ours Miel
74%
Il protège l'œil Cil
68%
Attache Lien
68%
En bâton, elle crisse sur le tableau Craie
65%
Le hardi n'en manque pas Cran
63%
Genre musical contestataire Punk
63%
L'azur (ajouter 1 lettre) Ciel
62%
Il protège le cerveau (ajouter 1 lettre) Crâne
61%
Poil de cheval Crin
58%
Gallinacé qui fait la roue Paon
57%
Place du cancre Coin
55%
Privé de dessert Puni
54%
En bonne santé Sain
54%
Terminé Fini
52%
Gnon, beigne Pain
46%
Tout petit Mini
45%
Courageux Brave
44%
Crie comme un âne Braie
42%
Etroite, mince Fine
42%
Songe (enlever 1 lettre) Rêve
42%
Pourvu, équipé Muni
39%
Cessation des hostilités Trêve
39%
Attention Soin
38%
Courte Brève
36%
Berge Rive
33%
Immobile Fixe
29%
Bagarre Rixe
29%
Aucun quiz correspondant
Distribution des résultats
% des personnes avec chaque résultat
Percentile par nombre de réponses
Votre historique - résultats
Vous n’avez pas pris ce quiz